000 00472 a2200169 4500
003 OSt
005 20231227152614.0
008 231227b |||||||| |||| 00| 0 eng d
020 _a8170557828
040 _coclc
082 _a891.431
_bSIN/T
100 _aSinha, Indu
_910221
245 _aTUMHARE JANE KE BAAD /
_cIndu Sinha
260 _aNew Delhi:
_bVani Prakashan,
_c2001.
300 _a78p
942 _2ddc
_cBK
_h891.431
_iSIN/T
_k891.431
_mSIN/T
999 _c43592
_d43592